[Event "Zagreb Damjanovic Memorial 1st"]
[Site "Zagreb"]
[Date "2016.11.15"]
[Round "7"]
[White "Rosandic, Denis"]
[Black "Mrdja, Milan"]
[Result "1/2-1/2"]
[WhiteElo "2222"]
[BlackElo "2325"]
[PlyCount "20"]
[EventDate "2016.11.10"]
[EventType "swiss"]
[EventRounds "9"]
[EventCountry "CRO"]
[SourceTitle "CBM 175 Extra"]
[Source "ChessBase"]
[SourceDate "2016.12.12"]
[SourceVersion "1"]
[SourceVersionDate "2016.12.12"]
[SourceQuality "1"]

1. Nf3 Nf6 2. g3 g6 3. Bg2 Bg7 4. 0-0 0-0 5. d4 d5 6. c3 c6 7. Qb3 Qb6 8. Bf4 Bf5 9. Nbd2 Nbd7 10. Ne5 Nxe5 1/2-1/2

[Event "Zagreb Damjanovic Memorial 1st"]
[Site "Zagreb"]
[Date "2016.11.14"]
[Round "6"]
[White "Hecimovic, Ivan"]
[Black "Rosandic, Denis"]
[Result "0-1"]
[WhiteElo "2077"]
[BlackElo "2222"]
[PlyCount "62"]
[EventDate "2016.11.10"]
[EventType "swiss"]
[EventRounds "9"]
[EventCountry "CRO"]
[SourceTitle "CBM 175 Extra"]
[Source "ChessBase"]
[SourceDate "2016.12.12"]
[SourceVersion "1"]
[SourceVersionDate "2016.12.12"]
[SourceQuality "1"]

1. d4 d5 2. Nf3 Nf6 3. c4 dxc4 4. Nc3 a6 5. a4 Nc6 6. e3 Na5 7. Ne5 Be6 8. Bd2 c5 9. dxc5 Qc7 10. Nf3 Nb3 11. Nd4 Bg4 12. f3 Nxa1 13. Qxa1 Bd7 14. Bxc4 Qxc5 15. Qa2 e6 16. a5 Rc8 17. Bd3 Be7 18. 0-0 0-0 19. f4 Rfd8 20. Ne4 Qd5 21. Qb1 h6 22. Bc3 Ng4 23. Qe1 f5 24. Nd2 Bb5 25. Bc2 Bxf1 26. Nxf1 Kh8 27. Bb3 Qe4 28. Bxe6 Rxc3 29. Bxf5 Rxe3 30. Nxe3 Qxe3+ 31. Qxe3 Nxe3 0-1

[Event "Zagreb Damjanovic Memorial 1st"]
[Site "Zagreb"]
[Date "2016.11.10"]
[Round "1"]
[White "Rosandic, Denis"]
[Black "Smetisko, Marija"]
[Result "1-0"]
[WhiteElo "2222"]
[BlackElo "1802"]
[PlyCount "81"]
[EventDate "2016.11.10"]
[EventType "swiss"]
[EventRounds "9"]
[EventCountry "CRO"]
[SourceTitle "CBM 175 Extra"]
[Source "ChessBase"]
[SourceDate "2016.12.12"]
[SourceVersion "1"]
[SourceVersionDate "2016.12.12"]
[SourceQuality "1"]

1. e4 e5 2. Nf3 Nc6 3. Nc3 Nf6 4. d4 exd4 5. Nxd4 Bc5 6. Be3 Bb6 7. Nf5 0-0 8. Bxb6 axb6 9. Ne3 Re8 10. Bd3 d6 11. 0-0 Ne5 12. Re1 Nfg4 13. Nxg4 Nxg4 14. f3 Ne5 15. Bf1 Ng6 16. Qd2 Ra5 17. f4 Rh5 18. g3 Bd7 19. Be2 Rh6 20. Rad1 Bc6 21. Bf3 Qc8 22. Bg2 Nf8 23. b4 b5 24. Qf2 Qa8 25. Rb1 Nd7 26. a4 Qa6 27. Bf1 Qb6 28. axb5 Qxf2+ 29. Kxf2 Rxh2+ 30. Bg2 Bxb5 31. Nxb5 Nf6 32. Kg1 Rh5 33. Nxc7 Rc8 34. Nd5 Nxd5 35. exd5 Kf8 36. Re2 Rc3 37. Rb3 Rxb3 38. cxb3 g5 39. Bf3 Rh6 40. fxg5 Rg6 41. Rc2 1-0

[Event "CRO-chT1A 25th"]
[Site "Sibenik"]
[Date "2016.10.13"]
[Round "6.3"]
[White "Bozinovic, Bogdan"]
[Black "Rosandic, Denis"]
[Result "1/2-1/2"]
[WhiteElo "2207"]
[BlackElo "2232"]
[PlyCount "44"]
[EventDate "2016.10.08"]
[EventType "team-tourn"]
[EventRounds "9"]
[EventCountry "CRO"]
[SourceTitle "EXT 2017"]
[Source "ChessBase"]
[SourceDate "2016.10.25"]
[SourceVersion "1"]
[SourceVersionDate "2016.10.25"]
[SourceQuality "1"]
[WhiteTeam "Sesvete Sljeme"]
[BlackTeam "Vukovar 91"]
[WhiteTeamCountry "CRO"]
[BlackTeamCountry "CRO"]

1. d4 d5 2. Bg5 c6 3. e3 Bf5 4. Bd3 Bxd3 5. Qxd3 Qb6 6. b3 e6 7. Nf3 h6 8. Bf4 Nf6 9. h3 c5 10. Nbd2 Nc6 11. a3 a5 12. c3 Be7 13. 0-0 0-0 14. Rfe1 Rfc8 15. a4 Qa6 16. Qb1 Nb8 17. Rc1 Nbd7 18. Ra2 Rc6 19. Ne5 Rcc8 20. Nef3 Rc6 21. Ne5 Rcc8 22. Nef3 Rc6 1/2-1/2

[Event "CRO-chT1A 25th"]
[Site "Sibenik"]
[Date "2016.10.11"]
[Round "4.4"]
[White "Zelcic, Robert"]
[Black "Rosandic, Denis"]
[Result "1-0"]
[WhiteElo "2518"]
[BlackElo "2232"]
[PlyCount "117"]
[EventDate "2016.10.08"]
[EventType "team-tourn"]
[EventRounds "9"]
[EventCountry "CRO"]
[SourceTitle "EXT 2017"]
[Source "ChessBase"]
[SourceDate "2016.10.25"]
[SourceVersion "1"]
[SourceVersionDate "2016.10.25"]
[SourceQuality "1"]
[WhiteTeam "Zagreb Zagreb"]
[BlackTeam "Vukovar 91"]
[WhiteTeamCountry "CRO"]
[BlackTeamCountry "CRO"]

1. e4 g6 2. d4 c6 3. Nc3 d5 4. Nf3 Bg7 5. h3 Nf6 6. e5 Ne4 7. Nxe4 dxe4 8. Ng5 c5 9. dxc5 Qa5+ 10. c3 Qxc5 11. e6 Bxe6 12. Nxe6 fxe6 13. Be3 Qc6 14. Qb3 a6 15. Bc4 Kf7 16. 0-0 Nd7 17. a4 Bf6 18. a5 Ne5 19. Be2 Rhd8 20. Kh1 Rd7 21. Ra4 Nd3 22. f3 Nc5 23. Bxc5 Qxc5 24. Rxe4 Rd6 25. Qxb7 Rad8 26. Qb4 Qg5 27. f4 Qg3 28. Qc4 Kg7 29. Rxe6 Rxe6 30. Qxe6 Rd2 31. Qxa6 Rxb2 32. Qe6 Qxc3 33. a6 Qc5 34. Rd1 Rb4 35. Rf1 Ra4 36. Qb3 Ra1 37. Rxa1 Bxa1 38. Qb1 Bd4 39. Bf3 Qa3 40. Bb7 Qe3 41. Qf1 Bc5 42. Bd5 Bd4 43. Bc4 Ba7 44. Kh2 Bd4 45. g3 Kh6 46. Kg2 Bc5 47. h4 Qd4 48. Be2 Kg7 49. Bf3 e5 50. fxe5 Qxe5 51. Qb5 Qd4 52. Qb7+ Kh6 53. Kh3 Qg1 54. Qd5 Bf2 55. Bg2 Ba7 56. Qg5+ Kg7 57. Qe7+ Kh6 58. Qf8+ Kh5 59. Bf3# 1-0

[Event "CRO-chT1A 25th"]
[Site "Sibenik"]
[Date "2016.10.10"]
[Round "3.2"]
[White "Rosandic, Denis"]
[Black "Armanda, Ivica"]
[Result "0-1"]
[WhiteElo "2232"]
[BlackElo "2345"]
[PlyCount "70"]
[EventDate "2016.10.08"]
[EventType "team-tourn"]
[EventRounds "9"]
[EventCountry "CRO"]
[SourceTitle "EXT 2017"]
[Source "ChessBase"]
[SourceDate "2016.10.25"]
[SourceVersion "1"]
[SourceVersionDate "2016.10.25"]
[SourceQuality "1"]
[WhiteTeam "Vukovar 91"]
[BlackTeam "Solin Cemex"]
[WhiteTeamCountry "CRO"]
[BlackTeamCountry "CRO"]

1. e4 Nf6 2. e5 Nd5 3. d4 Nb6 4. Nf3 d5 5. Be2 Bg4 6. Be3 e6 7. Nbd2 Be7 8. a4 0-0 9. 0-0 N6d7 10. h3 Bh5 11. Nh2 Bg6 12. c4 dxc4 13. Nxc4 Nb6 14. Nxb6 axb6 15. Qb3 Nc6 16. Nf3 Be4 17. Rfd1 Bd5 18. Qc3 Bb4 19. Qd3 Na5 20. Bd2 Bc4 21. Qe3 Bxe2 22. Qxe2 Bxd2 23. Nxd2 Qxd4 24. Nf3 Qc5 25. Qe4 Qe7 26. b4 Nc6 27. b5 Na5 28. Rd3 Rad8 29. Rad1 h6 30. g3 Rxd3 31. Qxd3 Qb4 32. Rc1 c5 33. bxc6 Nxc6 34. Qd7 Qa3 35. Qd1 Rd8 0-1

[Event "Zadar op-B 22nd"]
[Site "Zadar"]
[Date "2015.12.19"]
[Round "9"]
[White "Soric, Romeo"]
[Black "Rosandic, Denis"]
[Result "1/2-1/2"]
[WhiteElo "2045"]
[BlackElo "2242"]
[PlyCount "82"]
[EventDate "2015.12.13"]
[EventType "swiss"]
[EventRounds "9"]
[EventCountry "CRO"]
[SourceTitle "EXT 2017"]
[Source "ChessBase"]
[SourceDate "2016.10.25"]
[SourceVersion "1"]
[SourceVersionDate "2016.10.25"]
[SourceQuality "1"]

1. c4 c5 2. g3 Nc6 3. Bg2 g6 4. Nc3 Bg7 5. d3 e5 6. Nf3 Nge7 7. 0-0 0-0 8. Ne1 d6 9. Nc2 Rb8 10. Rb1 Be6 11. e4 f5 12. Bg5 f4 13. Nd5 h6 14. Bxe7 Nxe7 15. Nxe7+ Qxe7 16. a3 h5 17. h3 Bh6 18. Kh2 Rf7 19. Bf3 fxg3+ 20. fxg3 Rbf8 21. Qe2 h4 22. g4 Qg5 23. Bg2 Rf4 24. b4 b6 25. b5 Qf6 26. Kg1 Qg5 27. Rxf4 Rxf4 28. Rf1 Rxf1+ 29. Bxf1 Kg7 30. Qe1 Kf7 31. Qf2+ Kg7 32. Qe1 Qf6 33. Qf2 Bf4 34. Ne3 Qg5 35. Ng2 Bg3 36. Qe3 Qf6 37. a4 Bf4 38. Qe1 Bg3 39. Qe3 Bf4 40. Qe1 Bg3 41. Qe3 Bf4 1/2-1/2

[Event "Zadar op-B 22nd"]
[Site "Zadar"]
[Date "2015.12.14"]
[Round "3"]
[White "Meglitsch, Konstantin"]
[Black "Rosandic, Denis"]
[Result "1/2-1/2"]
[WhiteElo "2045"]
[BlackElo "2242"]
[PlyCount "31"]
[EventDate "2015.12.13"]
[EventType "swiss"]
[EventRounds "9"]
[EventCountry "CRO"]
[SourceTitle "EXT 2017"]
[Source "ChessBase"]
[SourceDate "2016.10.25"]
[SourceVersion "1"]
[SourceVersionDate "2016.10.25"]
[SourceQuality "1"]

1. e4 c5 2. Nc3 Nc6 3. g3 g6 4. d3 Bg7 5. Be3 d6 6. Qd2 Rb8 7. Bg2 b5 8. Nge2 Nd4 9. 0-0 e6 10. Nc1 Ne7 11. Nd1 b4 12. c3 bxc3 13. bxc3 Ndc6 14. Bh6 0-0 15. Bxg7 Kxg7 16. Ne3 1/2-1/2

[Event "CRO-CupT final"]
[Site "Sibenik"]
[Date "2015.05.22"]
[Round "4.8"]
[White "Vargic, Drago"]
[Black "Rosandic, Denis"]
[Result "1/2-1/2"]
[WhiteElo "2318"]
[BlackElo "2232"]
[PlyCount "24"]
[EventDate "2015.05.20"]
[EventType "team-swiss"]
[EventRounds "6"]
[EventCountry "CRO"]
[SourceTitle "CBM 166 Extra"]
[Source "ChessBase"]
[SourceDate "2015.06.18"]
[SourceVersion "1"]
[SourceVersionDate "2015.06.18"]
[SourceQuality "1"]
[WhiteTeam "Djakovo"]
[BlackTeam "Vukovar 91"]
[WhiteTeamCountry "CRO"]
[BlackTeamCountry "CRO"]

1. e4 d6 2. d4 Nf6 3. f3 g6 4. Be3 Bg7 5. c4 0-0 6. Nc3 e5 7. d5 Nh5 8. Qd2 Qh4+ 9. Bf2 Qf4 10. Be3 Qh4+ 11. Bf2 Qf4 12. Be3 Qh4+ 1/2-1/2

[Event "CRO-CupT final"]
[Site "Sibenik"]
[Date "2015.05.20"]
[Round "1.13"]
[White "Rosandic, Denis"]
[Black "Bonaca, Dario"]
[Result "1-0"]
[WhiteElo "2232"]
[BlackElo "1935"]
[PlyCount "41"]
[EventDate "2015.05.20"]
[EventType "team-swiss"]
[EventRounds "6"]
[EventCountry "CRO"]
[SourceTitle "CBM 166 Extra"]
[Source "ChessBase"]
[SourceDate "2015.06.18"]
[SourceVersion "1"]
[SourceVersionDate "2015.06.18"]
[SourceQuality "1"]
[WhiteTeam "Vukovar 91"]
[BlackTeam "Porec Gortan"]
[WhiteTeamCountry "CRO"]
[BlackTeamCountry "CRO"]

1. d4 g6 2. e4 c6 3. Nc3 Bg7 4. f4 d5 5. e5 Nh6 6. Bd3 Qb6 7. Nge2 Bf5 8. h3 Nd7 9. g4 Bxd3 10. Qxd3 e6 11. Be3 c5 12. dxc5 Nxc5 13. Qb5+ Qxb5 14. Nxb5 Na6 15. Bxa7 Bf8 16. Bd4 Kd7 17. c3 Be7 18. 0-0 Kc6 19. a4 b6 20. Be3 Bh4 21. f5 1-0

[Event "CRO-chT1B"]
[Site "Bol"]
[Date "2014.10.09"]
[Round "6.3"]
[White "Rosandic, Denis"]
[Black "Zamostni, Jan"]
[Result "1/2-1/2"]
[WhiteElo "2275"]
[BlackElo "2237"]
[PlyCount "60"]
[EventDate "2014.10.04"]
[EventType "team-tourn"]
[EventRounds "9"]
[EventCountry "CRO"]
[SourceTitle "CBM 162 Extra"]
[Source "ChessBase"]
[SourceDate "2014.10.17"]
[SourceVersion "1"]
[SourceVersionDate "2014.10.17"]
[SourceQuality "1"]
[WhiteTeam "Vukovar 91"]
[BlackTeam "Strigova Stridon"]
[WhiteTeamCountry "CRO"]
[BlackTeamCountry "CRO"]

1. e4 e5 2. Nf3 d6 3. d4 Nf6 4. Nc3 Nbd7 5. Bc4 Be7 6. 0-0 Nb6 7. Bd3 Nfd7 8. Re1 c6 9. a4 a5 10. Bf1 0-0 11. Be3 Qc7 12. Qd2 Re8 13. Rad1 Bf8 14. h3 Nf6 15. Bg5 Be7 16. Bh4 Nh5 17. Bxe7 Qxe7 18. Qe3 Nd7 19. Bc4 h6 20. Ne2 exd4 21. Nexd4 Ne5 22. Bf1 Qf6 23. Nd2 Bd7 24. Qa3 Rad8 25. Qc3 Qg6 26. g3 Nf4 27. Nf5 Nd5 28. exd5 Bxf5 29. dxc6 Nxc6 30. Rxe8+ Rxe8 1/2-1/2

[Event "CRO-chT"]
[Site "Bol"]
[Date "2014.05.15"]
[Round "2.6"]
[White "Rosandic, Denis"]
[Black "Sertic, Rudolf"]
[Result "1/2-1/2"]
[WhiteElo "2287"]
[BlackElo "2341"]
[PlyCount "61"]
[EventDate "2014.05.14"]
[EventType "team-swiss"]
[EventRounds "6"]
[EventCountry "CRO"]
[SourceTitle "CBM 160 Extra"]
[Source "ChessBase"]
[SourceDate "2014.07.01"]
[SourceVersion "1"]
[SourceVersionDate "2014.07.01"]
[SourceQuality "1"]
[WhiteTeam "Vukovar"]
[BlackTeam "Djakovo Limmont"]
[WhiteTeamCountry "CRO"]
[BlackTeamCountry "CRO"]

1. e4 c5 2. c3 d5 3. exd5 Qxd5 4. d4 e6 5. Nf3 Nf6 6. a3 Be7 7. Bd3 0-0 8. Be3 Nbd7 9. 0-0 b6 10. Qe2 Bb7 11. Rd1 cxd4 12. cxd4 Ne4 13. Nc3 Nxc3 14. bxc3 Bd6 15. a4 Qh5 16. h3 Rac8 17. Bd2 e5 18. Nxe5 Qxe2 19. Bxe2 Nxe5 20. dxe5 Bxe5 21. a5 Bxc3 22. Bxc3 Rxc3 23. axb6 axb6 24. Rab1 Rc6 25. Bf3 Rc7 26. Be2 Rc6 27. Bf3 Rc7 28. Be2 Rc6 29. Bf3 Rc7 30. Be2 Rc6 31. Bf3 1/2-1/2

[Event "CRO-chT"]
[Site "Bol"]
[Date "2014.05.14"]
[Round "1.13"]
[White "Havas, Juraj"]
[Black "Rosandic, Denis"]
[Result "1/2-1/2"]
[WhiteElo "2058"]
[BlackElo "2287"]
[PlyCount "144"]
[EventDate "2014.05.14"]
[EventType "team-swiss"]
[EventRounds "6"]
[EventCountry "CRO"]
[SourceTitle "CBM 160 Extra"]
[Source "ChessBase"]
[SourceDate "2014.07.01"]
[SourceVersion "1"]
[SourceVersionDate "2014.07.01"]
[SourceQuality "1"]
[WhiteTeam "Mihovljan Sloboda"]
[BlackTeam "Vukovar"]
[WhiteTeamCountry "CRO"]
[BlackTeamCountry "CRO"]

1. d4 d5 2. c4 dxc4 3. Nf3 Nf6 4. e3 e6 5. Bxc4 c5 6. 0-0 a6 7. Qe2 Nc6 8. Rd1 Qc7 9. Nc3 Bd6 10. a3 0-0 11. Bd2 b5 12. Bd3 cxd4 13. exd4 Bf4 14. Ne4 Nd5 15. Rac1 Bb7 16. Be3 Rac8 17. Nc5 Qe7 18. b4 Rfe8 19. Bb1 g6 20. Qd2 Nxe3 21. fxe3 Bh6 22. Qe2 Nb8 23. Rc3 Bd5 24. e4 Ba8 25. Ne5 Nc6 26. Nf3 Red8 27. Rcd3 a5 28. Qb2 Qa7 29. d5 axb4 30. axb4 Bg7 31. e5 Nxb4 32. Qxb4 Rxc5 33. Kh1 Rcxd5 34. Rxd5 Rxd5 35. Rxd5 Bxd5 36. Qxb5 Qc7 37. Qb2 Bxf3 38. gxf3 Bxe5 39. Qc2 Qd6 40. Ba2 Qd4 41. Bc4 Qh4 42. Ba6 Kg7 43. Qe2 Qf4 44. Qg2 h5 45. Qh3 Bd4 46. Qg3 Qe3 47. Qg2 f5 48. Bc4 Kf6 49. Bf1 g5 50. h3 Qf4 51. Be2 Qh4 52. Bf1 Be5 53. Qd2 Bd4 54. Qb4 Kf7 55. Qd2 Bf6 56. Qd7+ Be7 57. Qd2 g4 58. Qg2 Bd6 59. Kg1 g3 60. Qd2 Bc5+ 61. Kh1 Ke7 62. Qc1 Bd6 63. Bg2 Qd4 64. Qg5+ Kd7 65. Qc1 Bc5 66. Qb1 Bb4 67. Qf1 Kd6 68. Qa6+ Ke5 69. Qb5+ Kf4 70. Qf1 Qd2 71. Qc4+ Ke3 72. Qxe6+ Kd4 1/2-1/2

[Event "CRO-chT"]
[Site "Bol"]
[Date "2013.09.20"]
[Round "7.5"]
[White "Rosandic, Denis"]
[Black "Sulava, Nenad"]
[Result "0-1"]
[WhiteElo "2256"]
[BlackElo "2481"]
[PlyCount "66"]
[EventDate "2013.09.14"]
[EventType "team-tourn"]
[EventRounds "9"]
[EventCountry "CRO"]
[SourceTitle "CBM 156 Extra"]
[Source "ChessBase"]
[SourceDate "2013.10.22"]
[SourceVersion "1"]
[SourceVersionDate "2013.10.22"]
[SourceQuality "1"]
[WhiteTeam "Vukovar 91"]
[BlackTeam "Osijek"]
[WhiteTeamCountry "CRO"]
[BlackTeamCountry "CRO"]

1. e4 g6 2. d4 Bg7 3. Nc3 d6 4. Nge2 Nc6 5. h3 e5 6. Be3 Nf6 7. g4 d5 8. dxe5 Nxe5 9. Bg2 Nc4 10. exd5 Nxe3 11. fxe3 h5 12. g5 Nd7 13. h4 f6 14. Nf4 Ne5 15. Ne6 Bxe6 16. dxe6 c6 17. Qe2 0-0 18. Ne4 f5 19. Nd2 Qd6 20. 0-0-0 Qxe6 21. Kb1 Rae8 22. e4 f4 23. Bh3 Qe7 24. Rhf1 b5 25. Qh2 f3 26. Rf2 Rd8 27. Rdf1 Kh8 28. Qh1 Rxd2 29. Rxd2 Nc4 30. Rd3 Qb4 31. Rb3 Nd2+ 32. Kc1 Nxb3+ 33. axb3 Qxe4 0-1

[Event "CRO-chT Cup 22nd"]
[Site "Bol"]
[Date "2013.05.25"]
[Round "5.44"]
[White "Rosandic, Denis"]
[Black "Vargic, Drago"]
[Result "1/2-1/2"]
[WhiteElo "2243"]
[BlackElo "2337"]
[PlyCount "75"]
[EventDate "2013.05.22"]
[EventType "team"]
[EventRounds "6"]
[EventCountry "CRO"]
[SourceTitle "CBM 154 Extra"]
[Source "ChessBase"]
[SourceDate "2013.06.25"]
[SourceVersion "2"]
[SourceVersionDate "2013.06.25"]
[SourceQuality "1"]
[WhiteTeam "Vukovar"]
[BlackTeam "Djakovo"]
[WhiteTeamCountry "CRO"]
[BlackTeamCountry "CRO"]

1. d4 e6 2. Nf3 Nf6 3. Bg5 c5 4. e3 Qb6 5. Qc1 Ne4 6. Bf4 Nc6 7. c3 f5 8. Nbd2 d5 9. Nxe4 fxe4 10. Ne5 Be7 11. Be2 0-0 12. 0-0 Bf6 13. Ng4 Be7 14. Ne5 Nxe5 15. Bxe5 Bd7 16. f3 exf3 17. Rxf3 Bb5 18. Rxf8+ Rxf8 19. Bf3 Bd3 20. Qd2 c4 21. Be2 Be4 22. Rf1 Qa6 23. a3 b5 24. Rxf8+ Bxf8 25. Bf3 Bg6 26. Qe1 Qc6 27. h4 a5 28. h5 Bf5 29. h6 gxh6 30. Qh4 Qd7 31. Bf4 Qe7 32. Qh2 b4 33. axb4 axb4 34. Bxh6 Bxh6 35. Qxh6 bxc3 36. bxc3 Qg7 37. Qf4 Qg6 38. Kf2 1/2-1/2

[Event "CRO-chT Cup 22nd"]
[Site "Bol"]
[Date "2013.05.22"]
[Round "1.104"]
[White "Rosandic, Denis"]
[Black "Herljevic, Romana"]
[Result "1-0"]
[WhiteElo "2243"]
[BlackElo "1881"]
[PlyCount "55"]
[EventDate "2013.05.22"]
[EventType "team"]
[EventRounds "6"]
[EventCountry "CRO"]
[SourceTitle "CBM 154 Extra"]
[Source "ChessBase"]
[SourceDate "2013.06.25"]
[SourceVersion "2"]
[SourceVersionDate "2013.06.25"]
[SourceQuality "1"]
[WhiteTeam "Vukovar"]
[BlackTeam "Ravna Gora Goranka"]
[WhiteTeamCountry "CRO"]
[BlackTeamCountry "CRO"]

1. d4 d5 2. Nf3 e6 3. c3 h6 4. Bf4 Nf6 5. Nbd2 Bd6 6. Ne5 Nbd7 7. e3 g6 8. Bd3 Bxe5 9. Bxe5 Nxe5 10. dxe5 Nd7 11. f4 Qh4+ 12. g3 Qe7 13. 0-0 Nc5 14. Bc2 Bd7 15. b4 Na6 16. e4 0-0-0 17. Qe2 d4 18. cxd4 Nxb4 19. Bb3 Bc6 20. Nf3 g5 21. Qe3 g4 22. Nh4 Rd7 23. Rac1 Bb5 24. Rfd1 Kb8 25. d5 exd5 26. exd5 Rhd8 27. Qe4 Nxd5 28. Rxd5 1-0

[Event "CRO-chT1B 21st"]
[Site "Sibenik"]
[Date "2012.09.28"]
[Round "6.1"]
[White "Grgurevic, Boris"]
[Black "Rosandic, Denis"]
[Result "1-0"]
[WhiteElo "2234"]
[BlackElo "2252"]
[PlyCount "73"]
[EventDate "2012.09.23"]
[EventType "team-tourn"]
[EventRounds "7"]
[EventCountry "CRO"]
[SourceTitle "CBM 150 Extra"]
[Source "ChessBase"]
[SourceDate "2012.10.19"]
[SourceVersion "1"]
[SourceVersionDate "2012.10.19"]
[SourceQuality "1"]
[WhiteTeam "Sibenik"]
[BlackTeam "Vukovar"]
[WhiteTeamCountry "CRO"]
[BlackTeamCountry "CRO"]

1. e4 c5 2. Nf3 Nc6 3. c3 Nf6 4. e5 Nd5 5. d4 cxd4 6. cxd4 d6 7. exd6 Qxd6 8. Nc3 g6 9. Bc4 Nxc3 10. bxc3 Bg7 11. 0-0 0-0 12. a4 Qc7 13. Ba2 Na5 14. Re1 Qxc3 15. Bd2 Qc7 16. Rc1 Qd8 17. Bg5 Bf6 18. d5 Qd6 19. Qe2 Bg4 20. Bxf6 exf6 21. Qe7 Qf4 22. Qe4 Qxe4 23. Rxe4 Bxf3 24. gxf3 Rfd8 25. Rc5 b6 26. Rc7 Rd6 27. Ree7 Rf8 28. Rxa7 f5 29. f4 Rc8 30. Rxf7 Rc1+ 31. Kg2 Ra1 32. Rg7+ Kh8 33. Rxh7+ Kg8 34. Rhc7 Rd8 35. Rc2 Kf8 36. d6 Re1 37. Rh7 1-0

[Event "CRO-chT1B 21st"]
[Site "Sibenik"]
[Date "2012.09.26"]
[Round "4.1"]
[White "Novak, Danijel"]
[Black "Rosandic, Denis"]
[Result "1/2-1/2"]
[WhiteElo "2348"]
[BlackElo "2252"]
[PlyCount "36"]
[EventDate "2012.09.23"]
[EventType "team-tourn"]
[EventRounds "7"]
[EventCountry "CRO"]
[SourceTitle "CBM 150 Extra"]
[Source "ChessBase"]
[SourceDate "2012.10.19"]
[SourceVersion "1"]
[SourceVersionDate "2012.10.19"]
[SourceQuality "1"]
[WhiteTeam "Pula"]
[BlackTeam "Vukovar"]
[WhiteTeamCountry "CRO"]
[BlackTeamCountry "CRO"]

1. e4 c5 2. c3 b6 3. d4 Bb7 4. f3 e6 5. Bd3 Nc6 6. Be3 Rc8 7. a3 Nf6 8. Ne2 Be7 9. 0-0 d6 10. Nd2 0-0 11. Ng3 cxd4 12. cxd4 e5 13. d5 Nd4 14. Nb3 Nxb3 15. Qxb3 Nd7 16. Nf5 Nc5 17. Qd1 Nxd3 18. Qxd3 g6 1/2-1/2

[Event "CRO-chT1B 21st"]
[Site "Sibenik"]
[Date "2012.09.24"]
[Round "2.1"]
[White "Rosandic, Denis"]
[Black "Brnas, Augustin"]
[Result "0-1"]
[WhiteElo "2252"]
[BlackElo "2300"]
[PlyCount "44"]
[EventDate "2012.09.23"]
[EventType "team-tourn"]
[EventRounds "7"]
[EventCountry "CRO"]
[SourceTitle "CBM 150 Extra"]
[Source "ChessBase"]
[SourceDate "2012.10.19"]
[SourceVersion "1"]
[SourceVersionDate "2012.10.19"]
[SourceQuality "1"]
[WhiteTeam "Vukovar"]
[BlackTeam "Dubrovnik"]
[WhiteTeamCountry "CRO"]
[BlackTeamCountry "CRO"]

1. d4 Nf6 2. Nc3 d5 3. Bg5 Nbd7 4. Qd3 h6 5. Bh4 c6 6. e4 dxe4 7. Nxe4 Nxe4 8. Qxe4 g5 9. Bg3 Qa5+ 10. c3 f5 11. Qf3 f4 12. Qh5+ Kd8 13. Bxf4 Nf6 14. Qf3 gxf4 15. Qxf4 h5 16. Qd2 Bh6 17. f4 Qf5 18. Ne2 Nd5 19. g3 Qe4 20. Rg1 Ne3 21. Kf2 Ng4+ 22. Ke1 Nxh2 0-1

[Event "CRO-chT1B 21st"]
[Site "Sibenik"]
[Date "2012.09.23"]
[Round "1.1"]
[White "Rosandic, Denis"]
[Black "Jerkovic, Maroje"]
[Result "1-0"]
[WhiteElo "2252"]
[BlackElo "1902"]
[PlyCount "73"]
[EventDate "2012.09.23"]
[EventType "team-tourn"]
[EventRounds "7"]
[EventCountry "CRO"]
[SourceTitle "CBM 150 Extra"]
[Source "ChessBase"]
[SourceDate "2012.10.19"]
[SourceVersion "1"]
[SourceVersionDate "2012.10.19"]
[SourceQuality "1"]
[WhiteTeam "Vukovar"]
[BlackTeam "Rijeka Junior"]
[WhiteTeamCountry "CRO"]
[BlackTeamCountry "CRO"]

1. d4 f5 2. Nf3 Nf6 3. g3 e6 4. Bg2 Be7 5. 0-0 0-0 6. c4 d5 7. cxd5 exd5 8. Nc3 c6 9. Rb1 Ne4 10. Qc2 b6 11. Ne5 Bb7 12. b4 Qd6 13. f3 Nxc3 14. Qxc3 Nd7 15. Bf4 g5 16. Nxd7 Qxd7 17. Be5 f4 18. e3 fxe3 19. Qxe3 Ba6 20. Rf2 Qf5 21. Rbb2 Bc4 22. h3 a5 23. bxa5 b5 24. Kh2 Qd3 25. Qe1 Ba3 26. Rbe2 c5 27. Bd6 Bb4 28. Qc1 Qg6 29. Bxf8 Bxe2 30. Bxc5 Bxc5 31. dxc5 Bc4 32. f4 Rd8 33. fxg5 Qxg5 34. Rf4 Kh8 35. a6 Bxa2 36. a7 Ra8 37. Rf8+ 1-0